00770nam a22001337a 4500008004100000020001800041082001500059100003300074245003600107260008100143300003700224505020700261650016800468190601b xxu||||| |||| 00| 0 eng d a9789968530453 a708bM743a aMonge Picado, María José aEl aprendiz. Adrián Arguedas  aSan José, Costa RicabFundación Museos Banco Central de Costa Ricac2019 a114 p.bill (col).c29 x 21,5 cm tPresentacióntAdrián Arguedas Ruano tPara empezar... ¿quiénes somos? tEl viajetEl ritual tEl aprendizaje tLos vínculos tPara continuar: ser en los otros tLista de figurastBibliografía 2Arte contemporáneo vArte - exhibición vArte - escultores costarricensesvArte - pintores costarricensesvArte - grabadores costarricenseszArte - Costa Rica